000 01053ntm a22003857a 4500
005 20251105163109.0
008 160208b xxu||||| |||| 00| 0 spa d
020 _a9786076109427
041 _aESP
082 _a363.254 R457p
100 _aReyes Calderón, José Adolfo
_938475
245 _aPoligrafía: psicofisiología forense
260 _aMéxico
260 _bEditorial Flores
260 _c2022
300 _a318 páginas
490 _aInvestigación Criminal
650 _aPOLIGRAFÍA
650 _aPSICOFISIOLOGÍA FORENSE
650 _aPOLÍGRAFO
650 _aDETECTOR DE MENTIRAS
650 _aPRUEBAS DE ENGAÑO
650 _aVALIDEZ CIENTÍFICA
650 _aEVOLUCIÓN DEL POLÍGRAFO
650 _aDROGAS
650 _aPRUEBA POLIGRÁFICA
650 _aTIPOS DE PRUEBAS
650 _aTÉCNICAS DE PREGUNTAS
650 _aTÉCNICAS POLIGRÁFICAS
650 _aEVALUACIÓN DE GRÁFICAS
650 _aINFORMES
650 _aÉTICA EN POLIGRAFÍA
650 _aDETECCIÓN DE MENTIRAS
942 _cBK
_2ddc
999 _c7623
_d7623